| 000 | 00678cam a22002055a 4500 | ||
|---|---|---|---|
| 001 | L158168 | ||
| 008 | 141001s2014 xxk f 000 0 eng d | ||
| 020 | _a9781405195089 | ||
| 035 | _a(Sirsi) u158168 | ||
| 041 | 0 | _aeng | |
| 050 | 0 | 4 | _a690.0286 |
| 100 | 1 | _aShah, Sunil | |
| 245 | 0 | 0 | _aSustainable Refurbishment |
| 260 |
_aWiley-Blackwell _bChichester _c2012 |
||
| 520 | _aGuide to green retrofitting for corporate real estate, facility managers and occupiers in the context of governments across the EU and other developed countries improving their existing housing stock. | ||
| 590 | _aKA | ||
| 651 | 4 | _aInternational | |
| 690 |
_aSustainability _96271 |
||
| 942 | _n0 | ||
| 999 |
_c115182 _d115182 |
||